000 00497cam a22001457a 4500
008 180718b1989 xxu||||| |||| 00| 0 eng d
082 _aAPPPA 88-89 KUN
100 _aKunwar, H.R.
245 _aInvestment decisions and implementation of overseas projects of NBCC with special reference to Iraq
_cby H.R. Kunwar
260 _aNew Delhi
_bIndian Institute of Public Administration
_c1989
300 _a114+p.
650 _aNBCC-Iraq
650 _aOverseas projects
650 _aInvestment decisions
999 _c501511
_d501511